Mujer es ciencia (Registro nro. 9320)

Detalles MARC
000 -CABECERA
Longitud fija campo de control 01421nam a2200337 i 4500
003 - IDENTIFICADOR DEL NUMERO DE CONTROL
Identificador del número de control CO-BoRNBP
005 - FECHA Y HORA DE LA ULTIMA TRANSACCION
Fecha y hora de la última transacción 20230403223327.0
007 - CAMPO FIJO DE DESCRIPCION FISICA
Campo fijo de descripción física ta
008 - CODIGOS DE INFORMACION DE LONGITUD FIJA
Códigos de información de longitud fija 221116s2022 ck ac der ||| 00| 0dspa d
020 ## - NUMERO INTERNACIONAL NORMALIZADO PARA LIBROS
Número Internacional Normalizado para Libros (ISBN) 9789585050372
040 ## - FUENTE DE LA CATALOGACION
Centro catalogador de origen CO-BoRNBP
Lengua de catalogación spa
Normas de descripción rda
Centro transcriptor CO-BoRNBP
041 0# - CODIGO DE LENGUA
Código de lengua del texto/banda sonora o título independiente spa
043 ## - CODIGO DE AREA GEOGRAFICA
Código de área geográfica s-ck---
082 ## - NUMERO DE LA CLASIFICACION DECIMAL DEWEY
Número de clasificación (R) 925.2
Número del ítem A71m
Número de edición 22
100 1# - PUNTO DE ACCESO PRINCIPAL-NOMBRE DE PERSONA
Nombre de persona Aragón Novoa, Marcela
Fechas asociadas al nombre 1982-
Término indicativo de función autora
245 10 - TITULO PROPIAMENTE DICHO
Título Mujer es ciencia
Mención de responsabilidad, etc. 20 pioneras colombianas y latinoamericanas / Marcela Aragón Novoa, Santiago Vargas Domínguez ; ilustraciones Carolina Garzón Blanco
250 ## - MENCION DE EDICION
Mención de edición Edición especial
264 #1 - PRODUCCION, PUBLICACION , DISTRIBUCION, FABRICACION Y COPYRIGHT
Lugar de producción, publicación, distribución, fabricación Bogotá, Colombia
Nombre del productor, editor, distribuidor, fabricante Editorial Universidad Nacional de Colombia
Fecha de de producción, publicación, distribución, fabricación o copyright 2022
300 ## - DESCRIPCION FISICA
Extensión 97 páginas
Otras características físicas ilustraciones a color
Dimensiones 27 cm
336 ## - TIPO DE CONTENIDO
Término de tipo de contenido texto
Código de tipo de contenido txt
Fuente rdacontent
337 ## - TIPO DE MEDIO
Nombre del tipo de medio sin mediación
Código del tipo de medio n
Fuente rdamedia
338 ## - TIPO DE SOPORTE
Nombre del tipo de soporte volumen
Código del tipo de soporte nc
Fuente rdacarrier
490 0# - MENCION DE SERIE
Mención de serie Plan Nacional de Lectura y Escritura Leer es mi Cuento / Ministerio de Cultura
521 ## - NOTA DE PUBLICO DESTINATARIO
Nota público destinatario (R ) Recomendado para un público mayor de 9 años
650 17 - PUNTO DE ACCESO ADICIONAL DE MATERIA - TERMINO DE MATERIA
Término de materia o nombre geográfico como elemento inicial Mujeres en la ciencia
Subdivisión de materia general Literatura infantil
-- Biografías
Fuente del encabezamiento LEMB
650 17 - PUNTO DE ACCESO ADICIONAL DE MATERIA - TERMINO DE MATERIA
Término de materia o nombre geográfico como elemento inicial Científicas colombianas
Subdivisión de materia general Literatura infantil
-- Biografías
Fuente del encabezamiento LEMB
650 17 - PUNTO DE ACCESO ADICIONAL DE MATERIA - TERMINO DE MATERIA
Término de materia o nombre geográfico como elemento inicial Científicas latinoamericanas
Subdivisión de materia general Literatura infantil
-- Biografías
Fuente del encabezamiento LEMB
700 ## - PUNTO DE ACCESO ADICIONAL - NOMBRE DE PERSONA
Nombre de persona Vargas Domínguez, Santiago
Fechas asociadas al nombre 1977-
700 ## - PUNTO DE ACCESO ADICIONAL - NOMBRE DE PERSONA
Nombre de persona Garzón Blanco, Carolina
Término indicativo de función ilustradora
942 ## - ENTRADA DE ELEMENTOS AGREGADOS (KOHA)
Fuente de clasificaión o esquema Dewey Decimal Classification
Koha [por defecto] tipo de item LIbro
Existencias
Perdido Fuente de clasificación o esquema Estado Físico No para préstamo Forma de adquisición Localización permanente Localización actual Localización en estanterías Fecha adquisición Préstamos totales Signatura completa Código de barras Fecha última consulta Número de copia Fecha del precio de reemplazo Tipo de item de Koha Note pública Fuente de adquisición Calificador de ubicación codificada
  Dewey Decimal Classification     Infantil Biblioteca Pública Cubarral Biblioteca Pública Cubarral Sala Infantil 07/18/2023   925.2 A71m CUB00145 07/18/2023 Ej.1 07/18/2023 LIbro      
  Dewey Decimal Classification     Infantil Biblioteca Pública Dorado Biblioteca Pública Dorado Sala Infantil 06/01/2023   925.2 A71m DOR02990 06/01/2023 Ej.1 06/01/2023 LIbro      
  Dewey Decimal Classification     Infantil Biblioteca Pública Fuentedeoro - Henry Llanos García Biblioteca Pública Fuentedeoro - Henry Llanos García Sala Infantil 10/19/2023   925.2 A71m Ej.1 Fo00001946 10/19/2023 Ej.1 10/19/2023 LIbro FOR-2022    
  Dewey Decimal Classification     Infantil Biblioteca Pública José Eustasio Rivera - San Martin Biblioteca Pública José Eustasio Rivera - San Martin Sala Infantil 11/21/2024   925.2 A71m SM03218 11/21/2024 Ej.1 11/21/2024 Libro Infantil      
  Dewey Decimal Classification     Infantil Biblioteca Pública Puerto López - Jorge Eliecer Gaitán Biblioteca Pública Puerto López - Jorge Eliecer Gaitán Sala Infantil 05/10/2025   925.2 A71m PLZ01021 05/10/2025 Ej.1 05/10/2025 LIbro      
  Dewey Decimal Classification     Infantil Biblioteca Pública San Carlos de Guaroa - Eduardo Carranza Biblioteca Pública San Carlos de Guaroa - Eduardo Carranza Sala Infantil 07/07/2023   925.2 A71m SG00923 07/07/2023 Ej.1 07/07/2023 LIbro      
  Dewey Decimal Classification     Infantil Biblioteca Pública El Castillo - Alfonso Meneses Biblioteca Pública El Castillo - Alfonso Meneses Sala Infantil 08/18/2023   925.2 A71m Ej.1 EC00245 08/18/2023 Ej.1 08/18/2023 LIbro      
        Colección Sala Infantil de Literatura Pocatil y Tilín Biblioteca Pública Departamental Eduardo Carranza - Villavicencio Biblioteca Pública Departamental Eduardo Carranza - Villavicencio Sala Infantil 05/17/2023   925.2 A71m ECA28553 11/25/2024 Ej.1 11/25/2024 LIbro 22160 | 27518    
  Dewey Decimal Classification     Infantil Biblioteca Pública Guamal Biblioteca Pública Guamal Sala Infantil 04/03/2023   925.2 A71m GUA002968 04/03/2023 Ej.1 04/03/2023 Libro Infantil      
  Dewey Decimal Classification     Infantil Biblioteca Pública La Macarena Biblioteca Pública La Macarena Sala Infantil 08/14/2024   9225.2A 71m LM001713 08/14/2024 Ej.1 08/14/2024 Libro Literatura      
  Dewey Decimal Classification     Infantil Biblioteca Pública Mapiripan Biblioteca Pública Mapiripan Sala Infantil 01/26/2024   925.2 A71m MAP00003943 01/26/2024 Ej.1 01/26/2024 LIbro      
  Dewey Decimal Classification     Infantil Biblioteca Pública Rural El Yarí- vereda Playa Rica La Macarena Biblioteca Pública Rural El Yarí- vereda Playa Rica La Macarena Sala Infantil 11/08/2024   925.2 A71m PRI'2022'14542 06/09/2025 Ej.1 06/09/2025 LIbro   ministerio de cultura PRI'2022'14542
  Dewey Decimal Classification     Infantil Biblioteca Pública San Juanito - Ernesto Maria Peña Romero Biblioteca Pública San Juanito - Ernesto Maria Peña Romero Sala Infantil 01/22/2025   925.2 A71m SJU01245 01/22/2025 Ej.1 01/22/2025 LIbro      









Instituto Departamental de Cultura del Meta - Red Departamental de Bibliotecas Públicas del Meta.